Sonáta pro violu a klavír
| Main Author: | Filas, Juraj, 1955-2021 |
|---|---|
| Other Authors: | Kyselák, Ladislav, 1956-2012 |
| Language: | No linguistic content |
| Published: |
Praha : Panton, 1984 |
| Edition: | 1. vyd. |
| Physical Description: |
22, 8 s. |
| LEADER | 00839ncm a22002412a 4500 | ||
|---|---|---|---|
| 001 | 001199553 | ||
| 003 | CZ BrMZK | ||
| 005 | 20120320075802.0 | ||
| 007 | qu | ||
| 008 | 120309s1984 xr |||||||||||||||||zxx d | ||
| 040 | |a BOA001 |b cze | ||
| 072 | 7 | |a 787 |x Hudba pro strunné a smyčcové nástroje |2 Konspekt |9 9 | |
| 100 | 1 | |a Filas, Juraj, |d 1955-2021 |7 jn19981001118 |4 cmp | |
| 245 | 1 | 0 | |a Sonáta pro violu a klavír |h [hudebnina] / |c Juraj Filas ; revize violového hlasu Ladislav Kyselák |
| 246 | 3 | 4 | |a Sonata per viola e pianoforte |
| 250 | |a 1. vyd. | ||
| 260 | |a Praha : |b Panton, |c 1984 | ||
| 300 | |a 22, 8 s. | ||
| 700 | 1 | |a Kyselák, Ladislav, |d 1956-2012 |7 jo20000069668 |4 edt | |
| 910 | |a BOA001 |b Mus4-0884.186 | ||
| 990 | |a MU | ||
| 991 | |b 201203 | ||
| 996 | 6 | |b 2619070870 |c Mus4-0884.186 |l MZK |r Sklad / do 1 hodiny |n 0 |w 001233098 |u 000010 |a 1 |e BOA001 |j MZK50 |s P | |
English
Čeština 